000 00514nam a22001457a 4500
082 _a923.5223
_bPEH
100 _aPahlavi, Raza Shah
245 _aShaensha-e-Iran ki Ap Beti /
_cRaza Shah Pahlavi
260 _bFact Publication,
300 _a208p. ;
650 _aBiography, Iranian History, Royalty, Pahlavi Dynasty
_9129677
880 _6100-01\(3\r
_aرضا شاہ پہلوی
880 _6245-02\(3\r
_aرضا شاہ پہلوی \شاہنشاہِ ایران کی اپنی بیتی
942 _2ddc
_cBK
999 _c614257
_d614257